| 000 | 00546nam a22001575i 4500 | ||
|---|---|---|---|
| 001 | 48425 | ||
| 003 | ES-MaACL | ||
| 007 | t| | ||
| 008 | 950718s1891 fr ||||1| fre d | ||
| 040 |
_aCAM _bspa _cCAM |
||
| 100 | 1 |
_aDebidour, Antoine. _943123 |
|
| 245 | 1 | 0 |
_aHistoire diplomatique de l'Europe depuis l'overture du Congrés de Vienne jusqu'a la cloture du Congres de Berlin _b: (1814-1878) / _cpar Antoine Debidour. |
| 260 |
_aParis : _bAlcan, _c1891 ( _eCoulommiers : _fO. Brodard) |
||
| 300 |
_a2 v. ; _c23 cm. |
||
| 852 |
_aES-MaACL _jG-7158-9 |
||
| 999 |
_c48425 _d48425 |
||